000 00358nab a22001097u 4500
008 130520b2006 xxu||||| |||| 00| 0 spa d
041 _aspa
100 1 _aEspoir Atangana, Diedonné
_975858
245 0 0 _aCristo en los mesianismos negros de África
_cDiedonné Espoir Atangana
773 0 _tConcilium
_gnº317,2006,págs. 15-22
_x0210-1041
_wRev134
942 _cAR
999 _c378555
_d378555